| 000 | 00904nam a22002057a 4500 | ||
|---|---|---|---|
| 003 | BUBTL | ||
| 008 | 211101b ||||| |||| 00| 0 eng d | ||
| 020 | _a9847014800370 | ||
| 082 | _a954.925/ M2788b/ 2010 | ||
| 100 |
_94322 _aমাহমুদ, আনু |
||
| 245 |
_aবঙ্গবন্ধু বাংলাদেশ একটি ইতিহাস / _cআনু মাহমুদ |
||
| 250 | _a1st Edn. | ||
| 260 |
_aঢাকা: _bজ্যোৎস্না পাবলিশার্স, _cC2010 |
||
| 300 |
_a336 p.: _c22 cm. |
||
| 505 | _aবঙ্গবন্ধু বাংলাদেশ একটি ইতিহাস, বঙ্গবন্ধু, বাংলাদেশ, ইতিহাস, আনু মাহমুদ, Bangabandhu | ||
| 650 | 0 |
_93574 _aবঙ্গবন্ধু |
|
| 856 |
_k0 _l0 _yDownload |
||
| 942 |
_2ddc _cBK |
||
| 999 |
_c6567 _d6567 |
||